Geography Threesome Challenge Quiz Stats

 Plays Quiz Updated Aug 4, 2016

Challenge
Share
Tweet
Embed
Score 0/30 Timer 05:00
3 Plays Today
% Correct
French
93.7%
German
92.1%
Cairo
90.4%
California
88.9%
Washington
86.1%
Laos
85.7%
Vatican City
84.9%
Cambodia
83.1%
Oregon
83.1%
China
79.1%
Japan
79.1%
Oslo
75.1%
Jamaica
75%
Saint Lucia
74.9%
Monaco
71.6%
% Correct
Saint Kitts and Nevis
70.1%
Indonesia
66.4%
Jordan
65%
Saint Vincent and the Grenadines
64.1%
Malaysia
63.6%
Brunei
58.5%
Singapore
57.6%
Ottawa
52.8%
Khartoum
40.7%
Nigeria
37.8%
Pakistan
31.6%
Ouagadougou
30.6%
Saudi Arabia
27.7%
Juba
27.7%
Luxembourgish
22%

You're not logged in!

Compare scores with friends on all Sporcle quizzes.
OR
Log In

You Might Also Like...

Show Comments

Extras

Top Quizzes Today


Score Distribution

Your Account Isn't Verified!

In order to create a playlist on Sporcle, you need to verify the email address you used during registration. Go to your Sporcle Settings to finish the process.

Report this User

Report this user for behavior that violates our Community Guidelines.

Details: